Inflation differentials in new EU member states: empirical evidence

Gespeichert in:
Bibliographische Detailangaben
1. Verfasser: Horváth, Roman
Weitere Verfasser: Koprnická, Kamila
Format: Buchkapitel
Sprache:Englisch
Schlagworte:
Tags: Tag hinzufügen
Keine Tags, Fügen Sie das erste Tag hinzu!

MARC

LEADER 00000naa$a2200000$$$4500
001 0092534
005 20231010112238.0
041 0 |a eng 
044 |a CZ 
245 1 0 |a Inflation differentials in new EU member states: empirical evidence  |c Roman Horváth, Kamila Koprnická 
610 2 0 |a inflácia 
610 2 0 |a Európska únia 
610 2 0 |a eurozóna 
610 2 0 |a kurz výmenný 
610 2 0 |a ceny 
100 1 |a Horváth, Roman 
700 1 |a Koprnická, Kamila